banner koha

Onde os suínos não têm gripe (Registro n. 332079)

MARC details
000 -LÍDER
fixed length control field 00857nab a2200277 4500
003 - CÓDIGO MARC DA AGÊNCIA CATALOGADORA
Campo de controle BR-BrBNA
005 - DATA E HORA DA ÚLTIMA ATUALIZAÇÃO
Campo de controle 20250616115038.0
008 - CAMPO DE TAMANHO FIXO
fixed length control field 250616b bl.||||| |||| 00| 0 por d
040 ## - FONTE DA CATALOGAÇÃO
Agência catalogadora BR-BrBNA
Idioma da catalogação por
072 ## - CATEGORIA AGRIS
Código AGRIS L70 ; L73 ; E71
Código do objeto 5300
100 ## - ENTRADA PRINCIPAL - NOME PESSOAL
Nome pessoal Savanachi, Eduardo
245 ## - TÍTULO PRINCIPAL
Título principal Onde os suínos não têm gripe
Subtítulo Agrotecnologia
500 ## - NOTA GERAL
Nota geral 3 illus.
942 ## - ADDED ENTRY ELEMENTS (KOHA)
Koha item type Analítica
650 ## - ASSUNTO - THESAGRO
Cabeçalho tópico ou nome geográfico SUÍNO
650 ## - ASSUNTO - THESAGRO
Cabeçalho tópico ou nome geográfico DOENÇA ANIMAL
650 ## - ASSUNTO - THESAGRO
Cabeçalho tópico ou nome geográfico GRIPE
650 ## - ASSUNTO - THESAGRO
Cabeçalho tópico ou nome geográfico VÍRUS
650 ## - ASSUNTO - THESAGRO
Cabeçalho tópico ou nome geográfico DEFESA ANIMAL
650 ## - ASSUNTO - THESAGRO
Cabeçalho tópico ou nome geográfico IMUNIZAÇÃO
650 ## - ASSUNTO - THESAGRO
Cabeçalho tópico ou nome geográfico SANIDADE ANIMAL
650 ## - ASSUNTO - THESAGRO
Cabeçalho tópico ou nome geográfico BIOSSEGURANÇA
650 ## - ASSUNTO - THESAGRO
Cabeçalho tópico ou nome geográfico EXPORTAÇÃO
773 0# - ENTRADA ANALÍTICA
Host Biblionumber 1706
Registro do item 347883
Imprenta São Paulo-SP Editora Três Ltda - E-mail: luizfsa@revistadinheiro.com.br 2004
Outro identificador 2025-0382
Título Dinheiro Rural (Brazil)
ISSN 1807-3700
Colação v. 6(56) p. 44-45; (Jun 2009)
Número de controle de registro BR2025001339

Nenhum exemplar disponível.

BINAGRI

Telefone: (61)3218-2567/2388/3357/2097 - binagri@agro.gov.br

Ministério da Agricultura e Pecuária , Esplanada dos Ministérios, Bloco D, Anexo B, Brasília/DF, CEP: 70.043-900